000 00978nam a2200253 a 4500
001 BRCA_23
005 20190320202840.0
008 970619s1997 mx-a---##b---#000-0#spa-#
020 _a968299876X
040 _aDLC
_cDLC
_dDLC
050 4 _aNE2314
_b.G83 1997
245 1 0 _aEl escenario urbano de Pedro Gualdi
_b1808-1857.
260 _aMéxico
_bMuseo Nacional de Arte
_c1997
300 _a107, [2] p.
_bil. (algunas a color)
_c32 cm.
500 _aCatálogo de la exposición realizada en el Museo Nacional de Arte (Ciudad de México), abril-junio, 1997.
500 _aIncluye catálogo de obras, índice de ilustraciones y referencias bibliográficas.
600 1 4 _aGualdi, Pedro
_d1808-1857
_vCatálogos
_xExposiciones
_9110
650 1 4 _aPintores
_ySiglo XIX
_zMéxico
_9111
650 1 4 _aLitografía
_ySiglo XIX
_zMéxico
_9112
653 0 _aLitografía mexicana - Siglo XIX
700 1 _aGualdi, Pedro
_9113
710 2 _aMuseo Nacional de Arte (México)
_9114
942 _2lcc
_cB
999 _c23
_d23